[Event "BL Meisterschaftsturnier 2020"]
[Site "Karlsruhe"]
[Date "2020.09.16"]
[Round "1.15"]
[White "Werle, Jan"]
[Black "Kreisl, Robert"]
[Result "1/2-1/2"]
[WhiteElo "2580"]
[BlackElo "2401"]
[Annotator "TA"]
[PlyCount "144"]
[EventDate "2020.09.16"]
[EventType "team-tourn"]
[EventCountry "GER"]
[SourceTitle "playchess.com"]
[Source "ChessBase"]
[SourceQuality "1"]
[WhiteTeam "Werder Bremen"]
[BlackTeam "Solingen"]

{[%evp 18,143,27,0,0,0,0,0,14,0,12,19,8,0,-13,-26,0,5,13,7,18,0,0,-1,21,16,26,19,25,0,0,-11,-12,-16,-7,-6,0,0,0,0,0,0,0,0,0,0,0,-9,0,0,0,0,0,0,-7,-8,0,-8,0,-8,0,0,0,0,0,0,0,-74,-77,-89,-77,-324,-348,-341,-329,-327,-302,-442,-372,-661,-568,-968,-940,-914,-914,-722,0,0,0,-369,-8,-8,-8,-8,0,-8,0,0,0,-8,-8,-8,-8,-8,-8,-8,0,0,0,0,0,0,0,0,0,0,0,0,0,0,0,0,0,0,0,0,0,0]} 1. d4 Nf6 2. c4 e6 3. Nc3 d5 4. cxd5 exd5 5. Bg5 c6 6. e3 Bd6 7. Bd3 h6 8. Bh4 O-O 9. Nf3 Re8 10. Qc2 Be6 {D35: Queen's Gambit Declined: Exchange Variation.} 11. Ne5 c5 12. O-O cxd4 13. exd4 Nc6 14. Nxc6 bxc6 15. Bg3 Bxg3 16. hxg3 Ng4 17. Qd2 Rb8 {[#]} (17... Qf6 {is more complex.} 18. Be2 h5 19. Rae1 Re7 20. Bf3 Rae8) 18. f3 $146 ({Predecessor:} 18. b3 Qf6 19. Qf4 Qxf4 20. gxf4 Rb4 21. Rfd1 Kf8 22. Bf1 Nf6 23. Rac1 Bd7 24. f3 {1-0 (55) Botvinnik,M-Kottnauer,C Groningen 1946}) 18... Nf6 19. b3 Qd6 20. Ne2 c5 21. Qf4 Qxf4 22. Nxf4 cxd4 23. Rfc1 g5 24. Nxe6 fxe6 25. Rc7 e5 26. Bg6 Rec8 27. Re7 {[#]} e4 $1 {[%mdl 512]} 28. fxe4 dxe4 29. Rf1 Rb6 30. Bxe4 Nxe4 31. Rxe4 $11 {[%mdl 4096] Endgame KRR-KRR} Rd6 32. Re2 a5 33. Rd2 {[#]} a4 $1 {[%mdl 512]} 34. Rf3 (34. bxa4 Ra8) 34... axb3 35. Rxb3 Kf7 36. Rb4 Rcd8 37. Kf2 Ke6 38. Kf3 Ke5 39. Rb5+ Rd5 40. Re2+ Kd6 41. Rb6+ Kc5 42. Ree6 (42. Reb2 $1 $11) 42... Kc4 $1 $17 43. Ke2 Ra8 44. Ra6 $2 {[#]} (44. Rec6+ $17 Rc5 45. Rxc5+ Kxc5 46. Rxh6) 44... Re5+ $1 $19 {[%mdl 512]} 45. Kd2 (45. Rxe5 Rxa6) 45... Rxa6 $1 46. Rxa6 {KR-KR} Re3 $1 47. Rc6+ (47. g4 $142 Rg3 48. Rc6+ Kd5 49. Rxh6) 47... Kd5 48. Rxh6 $2 (48. Rc8 Rxg3 49. Rd8+ Ke4 50. Re8+ Kf4 51. Rf8+ Kg4 52. Rf2) 48... Rxg3 49. a4 Rxg2+ 50. Kd3 Rg3+ 51. Kd2 {[#]} Rg2+ $2 (51... g4 $1 $19 52. Rg6 Ke4 53. Re6+ Kf5) 52. Kd3 $11 Rg3+ $2 {[%mdl 8192]} (52... Ke5 $11) 53. Kd2 $1 $19 {[#]} Ra3 $2 (53... g4 $1 $19 {Hoping for ...Ra3.} 54. Rg6 Ke4 55. Re6+ Kf5) 54. Rg6 $11 {The position is equal.} Kc4 {Strongly threatening ...g4.} 55. Rc6+ {[#]} Kd5 $1 56. Rg6 Ra2+ 57. Kd3 Ra3+ 58. Kd2 g4 59. Rxg4 Kc4 {White must now prevent ...Ra2+.} 60. Kc2 Ra2+ 61. Kb1 $1 {[%cal Rb1a2]} Re2 62. Rg8 Kc3 63. Rc8+ Kb3 64. Kc1 Ra2 65. Kd1 Rxa4 66. Kd2 Rc4 (66... Ra5 {keeps more tension.} 67. Kd3 Rb5 68. Kxd4 Rb4+ 69. Kd5 Rb6) 67. Rxc4 Kxc4 {KP-K} 68. Kc2 d3+ {[%cal Bd4d3,Bd3d2][%mdl 32]} 69. Kd2 Kd4 70. Kd1 Ke3 {( -> ...d2)} (70... Kc3 $5 71. Kc1 $8 Kd4 $11) 71. Ke1 d2+ 72. Kd1 Kd3 {And White is the lucky defender. Accuracy: White = 78%, Black = 89%.} 1/2-1/2

[Event "BL Meisterschaftsturnier 2020"]
[Site "Karlsruhe"]
[Date "2020.09.16"]
[Round "1.15"]
[White "Coenen, Norbert"]
[Black "Florstedt, Johannes"]
[Result "1/2-1/2"]
[WhiteElo "2289"]
[BlackElo "2353"]
[Annotator "TA"]
[PlyCount "109"]
[EventDate "2020.09.16"]
[EventType "team-tourn"]
[EventCountry "GER"]
[SourceTitle "playchess.com"]
[Source "ChessBase"]
[SourceQuality "1"]
[WhiteTeam "Aachen"]
[BlackTeam "SF Berlin"]

{[%evp 22,109,0,0,18,12,24,10,20,22,10,-13,32,26,23,0,17,-15,-15,-12,9,0,0,0,0,0,0,-21,36,57,153,141,131,84,88,74,270,275,275,284,453,465,437,450,431,431,504,319,306,266,252,149,157,131,127,129,118,71,71,71,71,71,71,71,71,71,71,56,56,56,71,59,71,71,71,71,76,71,71,71,71,71,71,61,61,0,73,0,68,0]} 1. e4 c5 2. Nf3 d6 3. d4 cxd4 4. Nxd4 Nf6 5. Nc3 a6 6. Be2 e5 7. Nb3 Be7 8. O-O O-O 9. Be3 Be6 10. Qd2 Nbd7 11. a4 Rc8 12. a5 h6 {B92: Sicilian Najdorf: 6 Be2.} 13. Rfd1 Re8 14. Bf3 {[#]} Ng4 $146 {The position is equal.} ({Predecessor:} 14... Qc7 15. Qe1 Bf8 16. h3 Qb8 17. Rd2 Rc4 18. Qd1 Qc7 19. Qe2 Rc8 20. Qd1 Re8 {0-1 (34) Corujedo Hernandez,R (2414)-Flor Trejo,R (2422) ICCF email 2007}) 15. Bxg4 Bxg4 16. Rdc1 Bg5 17. Nd5 Be6 18. Bxg5 Qxg5 19. Qxg5 (19. c4 {feels hotter.} Qg6 20. Qd3 f5 21. Ne3 fxe4 22. Qxd6 Qf7 23. Rc2) 19... hxg5 20. c4 Kf8 21. Nd2 g4 22. Rc3 g6 23. Rb3 Nc5 24. Rb6 (24. Rc3 {with more complications.} f5 25. exf5 gxf5 26. h3 gxh3 27. Rxh3 Kg7 28. Nb6) 24... Bxd5 (24... Rc6 $1 $11) 25. exd5 $14 Rc7 ({Black should try} 25... e4 $14) 26. Rxd6 e4 27. b4 Nd3 28. Rb6 $36 {[%mdl 2048] White is on the roll.} e3 $2 (28... f5 $16) 29. fxe3 $18 Rxe3 30. d6 Rc6 (30... Rd7 {keeps fighting.} 31. Nb3 f5) 31. Rxc6 bxc6 {[%mdl 4096] Endgame [#] KRN-KRN} 32. b5 $1 {[%mdl 512]} cxb5 (32... axb5 33. cxb5) 33. cxb5 axb5 34. a6 Re8 35. a7 Ra8 36. Ne4 (36. Nb3 $18) 36... b4 $16 37. d7 {And now Rd1 would win.} Ke7 38. Rd1 Rxa7 39. Nc5 {[#]} Ra1 $1 {[%mdl 512]} 40. Rxa1 {Rd1 would kill now.} Nxc5 {KR-KN} 41. Ra5 (41. d8=Q+ {is interesting.} Kxd8 42. Ra5 Ne6 43. Rb5 Kc7 44. Kf2) 41... Nxd7 42. Rb5 f5 43. Rxb4 Ne5 44. Rb6 g5 45. Kf2 Kf7 46. Ra6 Nd3+ 47. Ke3 Nf4 48. Ra2 {Hoping for Kd4.} (48. g3 {looks sharper.} Nh5 49. Rh6 Nf6 50. Rh8 Kg7 51. Rc8) 48... Ne6 49. Kd3 Kf6 50. Kc4 Ke5 51. Re2+ Kd6 52. Rd2+ Ke5 53. Re2+ Kd6 $1 54. Ra2 Ke5 55. Re2+ {Black defended with fortune. Accuracy: White = 79%, Black = 74%.} (55. Ra3 $14) 1/2-1/2

[Event "BL Meisterschaftsturnier 2020"]
[Site "Karlsruhe"]
[Date "2020.09.16"]
[Round "1.16"]
[White "Halvax, Georg"]
[Black "Reuker, Jari"]
[Result "0-1"]
[WhiteElo "2402"]
[BlackElo "2401"]
[Annotator "TA"]
[PlyCount "92"]
[EventDate "2020.09.16"]
[EventType "team-tourn"]
[EventCountry "GER"]
[SourceTitle "playchess.com"]
[Source "ChessBase"]
[SourceQuality "1"]
[WhiteTeam "Solingen"]
[BlackTeam "Werder Bremen"]

{[%evp 29,92,12,0,-33,-42,-89,-84,-105,-33,-25,-20,-35,-26,-47,-58,-145,-145,-134,-122,-193,-193,-272,-101,-98,-52,-48,0,-102,0,-35,0,-78,-79,-93,-78,-159,-158,-140,-158,-140,-141,-150,-145,-140,-141,-239,-225,-241,-230,-224,-138,-523,-524,-501,-520,-469,-464,-659,-618,-525,-653,-548,-521,-1379,-1142]} 1. d4 d5 2. Nf3 e6 3. c4 c6 4. Nc3 dxc4 5. e3 b5 6. a4 Bb4 7. Bd2 a5 8. axb5 Bxc3 9. Bxc3 cxb5 10. b3 Bb7 11. bxc4 b4 12. Bb2 Nf6 13. Bd3 Nbd7 14. O-O O-O 15. Nd2 Qc7 16. Re1 {D31: Queen's Gambit Declined: Semi-Slav without ...Nf6 (+ Marshall Gambit and Noteboom) and Exchange Variation lines without ...Nf6.} a4 {[%cal Ba5a4,Ba4a3][%mdl 32] [#]} 17. f3 $146 ({Predecessor:} 17. d5 Nc5 18. Bxf6 gxf6 19. Bxh7+ Kxh7 20. Qh5+ Kg7 21. Qg4+ Kh7 22. Qh4+ Kg7 23. Qg4+ Kh7 24. Qh4+ Kg7 {½-½ (24) Aagaard,J (2482)-Poulsen,I (2133) Helsingor 2018}) 17... a3 18. Bc1 {[#]Black is better.} Rfb8 ({Black should try} 18... e5 $1 $17 19. Qb3 Rfb8) 19. Nb3 $15 Bc6 20. Bd2 e5 21. Qc2 Ba4 22. c5 (22. Reb1 $15) 22... Nf8 $17 23. Bc4 Ne6 24. Bxe6 (24. Qa2 $17) 24... fxe6 $19 25. Qc4 (25. Reb1 {was called for.}) 25... Kf7 $2 (25... Bxb3 $19 {is more deadly.} 26. Qxb3 exd4) 26. Reb1 $17 Bb5 27. Qc2 Ba4 (27... Nd5 $15) 28. Qc4 Bb5 (28... Nd5 $17) 29. Qc2 $15 Bc6 30. dxe5 (30. e4 $11 {keeps the balance.}) 30... Qxe5 $17 31. Nd4 Bd5 $36 {[%mdl 2048] Black is on the roll.} 32. Rxb4 (32. Qc1 $142) 32... Rxb4 33. Bxb4 Qxe3+ 34. Qf2 Qd3 35. Qd2 Qxd2 36. Bxd2 a2 37. Nc2 (37. Kf2 $17) 37... Nd7 $19 38. Be3 Ne5 39. Nb4 Ra4 40. Nxd5 $4 {[%mdl 8192] This move loses the game for White.} (40. Bd2 $17 {nothing else works.}) 40... exd5 $17 {[%mdl 4096] Endgame KRB-KRN. Black is clearly winning.} 41. Kf2 Nc6 42. Bd2 Nd4 {[#] aiming for ...Nb3.} 43. Bc3 (43. c6 $142 Nxc6 44. Bc3) 43... Nb3 {Hoping for ...d4.} 44. Rd1 Rc4 45. Ba1 Rxc5 46. Be5 d4 {[%mdl 64] Promotion. Accuracy: White = 46%, Black = 65%.} 0-1

[Event "BL Meisterschaftsturnier 2020"]
[Site "Karlsruhe"]
[Date "2020.09.16"]
[Round "1.16"]
[White "Rudolf, Henrik"]
[Black "Lamby, Philipp"]
[Result "1/2-1/2"]
[WhiteElo "2295"]
[BlackElo "2130"]
[Annotator "NA RC"]
[PlyCount "68"]
[EventDate "2020.09.16"]
[EventType "team-tourn"]
[EventCountry "GER"]
[SourceTitle "playchess.com"]
[Source "ChessBase"]
[SourceQuality "1"]
[WhiteTeam "SF Berlin"]
[BlackTeam "Aachen"]
[TimeControl "40/5400+30:1800+30"]

1. e4 {[%emt 0:00:00]} e5 {[%emt 0:00:00]} 2. Nf3 {[%emt 0:00:00]} Nc6 {[%emt 0:00:03]} 3. Bb5 {[%emt 0:00:12]} a6 {[%emt 0:00:10]} 4. Ba4 {[%emt 0:00:05]} Nf6 {[%emt 0:00:22]} 5. d3 {[%emt 0:02:54]} b5 {[%emt 0:00:22]} 6. Bb3 {[%emt 0:00:05]} Bc5 {[%emt 0:00:15]} 7. O-O {[%emt 0:02:59]} d6 {[%emt 0:02:03]} 8. c3 {[%emt 0:05:28]} Bb6 {[%emt 0:06:48]} 9. Re1 {[%emt 0:05:59]} h6 {[%emt 0:16:53]} 10. h3 {[%emt 0:09:53]} O-O {[%emt 0:00:13]} 11. a4 {[%emt 0:05:02]} Bd7 {[%emt 0:08:57]} 12. Nbd2 {[%emt 0:08:54]} Ne7 {[%emt 0:02:44]} 13. Nf1 {[%emt 0:07:26]} Ng6 {[%emt 0:01:14]} 14. Ng3 {[%emt 0:05:52]} Qc8 {[%emt 0:08:03]} 15. d4 {[%emt 0:06:28]} Bxh3 {[%emt 0:19:44]} (15... Rd8 $14) 16. gxh3 {[%emt 0:00:55]} Qxh3 {[%emt 0:02:52]} 17. Qd3 {[%emt 0:00:46]} exd4 {[%emt 0:20:51]} 18. cxd4 {[%emt 0:01:35]} Ne5 $16 {[%emt 0:00:52]} 19. Nxe5 {[%emt 0:09:56]} dxe5 {[%emt 0:00:06]} 20. Qf1 {[%emt 0:04:35]} Qxf1+ {[%emt 0:01:52]} 21. Kxf1 {[%emt 0:00:07]} exd4 {[%emt 0:00:56]} 22. e5 {[%emt 0:01:21]} Nh7 {[%emt 0:02:06]} 23. axb5 {[%emt 0:09:59]} axb5 {[%emt 0:00:04]} 24. Rxa8 {[%emt 0:00:22]} Rxa8 {[%emt 0:00:05]} 25. e6 {[%emt 0:00:14]} fxe6 {[%emt 0:00:14]} 26. Rxe6 {[%emt 0:00:28]} Kh8 {[%emt 0:00:13]} 27. Kg2 {[%emt 0:08:11]} d3 {[%emt 0:03:27]} 28. Ne4 {[%emt 0:00:31]} Ba5 {[%emt 0:00:24]} 29. Bf4 {[%emt 0:02:43]} Nf8 {[%emt 0:01:44]} 30. Rc6 {[%emt 0:00:39]} Re8 {[%emt 0:00:07]} 31. f3 {[%emt 0:00:22]} Kh7 32. Ra6 {[%emt 0:00:28]} Bb6 {[%emt 0:00:48]} 33. Bd2 {[%emt 0:00:18]} Ne6 {[%emt 0:00:12]} 34. Ra1 {[%emt 0:00:25]} Nd4 {[%emt 0:00:27]} 1/2-1/2